Schaum's outline of theory and porblems of statistics (Record no. 7820)

000 -LEADER
fixed length control field 00583nam a22002177a 4500
001 - CONTROL NUMBER
control field 7820
003 - CONTROL NUMBER IDENTIFIER
control field BD-DhUET
008 - FIXED-LENGTH DATA ELEMENTS--GENERAL INFORMATION
fixed length control field 141213b xxu||||| |||| 00| 0 eng d
020 ## - INTERNATIONAL STANDARD BOOK NUMBER
International Standard Book Number 070602271
020 ## - INTERNATIONAL STANDARD BOOK NUMBER
International Standard Book Number 0070990085
040 ## - CATALOGING SOURCE
Transcribing agency 0
Modifying agency BD-DhUET
082 ## - DEWEY DECIMAL CLASSIFICATION NUMBER
Classification number 519.9
Item number SPI/1961
100 ## - MAIN ENTRY--PERSONAL NAME
Personal name Spiegel, Murray R.
245 ## - TITLE STATEMENT
Title Schaum's outline of theory and porblems of statistics
Statement of responsibility, etc. in SI units
250 ## - EDITION STATEMENT
Edition statement 1st ed.
260 ## - PUBLICATION, DISTRIBUTION, ETC. (IMPRINT)
Place of publication, distribution, etc. New York
Name of publisher, distributor, etc. McGraw-Hill
Date of publication, distribution, etc. 1961
300 ## - PHYSICAL DESCRIPTION
Extent vii, 359p.
Other physical details ill.
Dimensions 35 cm.
490 ## - SERIES STATEMENT
Series statement Schau's outline series
650 #0 - SUBJECT ADDED ENTRY--TOPICAL TERM
Topical term or geographic name as entry element Statistical mathematics
942 ## - ADDED ENTRY ELEMENTS (KOHA)
Koha item type General Book
Holdings
Source of classification or shelving scheme Piece designation (barcode) Lost status Damaged status Koha date last seen Koha full call number Sublocation or collection (holding branch) Date acquired Koha item type Not for loan Location (home branch) Price effective from Withdrawn status Shelving location Koha normalized classification for sorting Copy number
 31835  2014-12-13519.9/SPI/1961Central Library, BUET2014-12-13General Book Central Library, BUET2014-12-13 Circulation section519_900000000000000_SPI_19611
 31855  2014-12-13519.9/SPI/1961Central Library, BUET2014-12-13General Book Central Library, BUET2014-12-13 Circulation section519_900000000000000_SPI_19612
 31842  2014-12-13519.9/SPI/1961Central Library, BUET2014-12-13General Book Central Library, BUET2014-12-13 Circulation section519_900000000000000_SPI_19613
 31824  2014-12-13519.9/SPI/1961Central Library, BUET2014-12-13General Book Central Library, BUET2014-12-13 Circulation section519_900000000000000_SPI_19614
 31814  2014-12-13519.9/SPI/1961Central Library, BUET2014-12-13General Book Central Library, BUET2014-12-13 Circulation section519_900000000000000_SPI_19615
 31841  2014-12-13519.9/SPI/1961Central Library, BUET2014-12-13General Book Central Library, BUET2014-12-13 Circulation section519_900000000000000_SPI_19616
 31818  2014-12-13519.9/SPI/1961Central Library, BUET2014-12-13General Book Central Library, BUET2014-12-13 Circulation section519_900000000000000_SPI_19617
 31861  2014-12-13519.9/SPI/1961Central Library, BUET2014-12-13General Book Central Library, BUET2014-12-13 Circulation section519_900000000000000_SPI_19618
 31823  2014-12-13519.9/SPI/1961Central Library, BUET2014-12-13General Book Central Library, BUET2014-12-13 Circulation section519_900000000000000_SPI_19619
 31862  2014-12-13519.9/SPI/1961Central Library, BUET2014-12-13General Book Central Library, BUET2014-12-13 Circulation section519_900000000000000_SPI_196110
 31856  2014-12-13519.9/SPI/1961Central Library, BUET2014-12-13General Book Central Library, BUET2014-12-13 Circulation section519_900000000000000_SPI_196111
 31387  2015-07-09519.9/SPI/1961Central Library, BUET2015-07-09Reading Item Central Library, BUET2015-07-09 Reading section519_900000000000000_SPI_196112